Dinámica: mecánica para ingeniería
| Main Authors: | , |
|---|---|
| Format: | Section = Libro |
| Language: | Undetermined Spanish |
| Published: |
México
Addison/Wesley
2000
|
| Subjects: |
| LEADER | 00618nam a2200229Ia 4500 | ||
|---|---|---|---|
| 008 | 240829s9999 xx 000 0 und d | ||
| 020 | |a 968-444-471-0 | ||
| 040 | |a BIBLIOTECA-RUSB/ 620.1 B411 | ||
| 041 | |a spa | ||
| 082 | |a 620.1 B411 | ||
| 100 | 1 | |a Bedford, Anthonyt | |
| 100 | 1 | |b Fowler, Wallace | |
| 245 | 1 | 0 | |a Dinámica: mecánica para ingeniería |
| 260 | |a México |b Addison/Wesley |c 2000 | ||
| 300 | |a 548 p. :il. | ||
| 650 | 7 | |a MECANICA - INGENIERIA-DINAMICA | |
| 650 | 7 | |b MECANICA DE ORBITAS | |
| 650 | 7 | |c MOVIMIENTO - METODOS | |
| 650 | 7 | |d VIBRACIONES | |
| 942 | |c BK |2 ddc | ||
| 991 | |a TEXTO | ||
| 999 | |c 2697 | ||